| 000 | 01654cam a22003735a 4500 | ||
|---|---|---|---|
| 001 | 12354065 | ||
| 005 | 20240227093639.0 | ||
| 008 | 010321r20012000enkb frb 001 0deng d | ||
| 010 | _a 2001267501 | ||
| 020 | _a1860646166 | ||
| 035 | _a(OCoLC)ocm45741200 | ||
| 040 |
_aORX _beng _cORX _dEMU _dDLC _dEG-ScBUE |
||
| 043 | _af-rw--- | ||
| 082 | 0 | 4 |
_a967.5710431 _bKHA _222 |
| 100 | 1 | _aKhan, Shaharyar M. | |
| 245 | 1 | 4 |
_aThe shallow graves of Rwanda / _cShaharyar M. Khan ; foreword by Mary Robinson. |
| 260 |
_aLondon ; _aNew York : _bI. B. Tauris, _c2001. |
||
| 300 |
_axi, 228 p. : _bmap ; _c24 cm. |
||
| 500 | _aReprint of the 1st edition 2000. | ||
| 504 | _aIncludes bibliographical references (p. 220) and index. | ||
| 600 | 1 | 0 | _aKhan, Shaharyar M. |
| 650 | 7 |
_aGenocide _zRwanda _xHistory _y20th century. _2BUEsh |
|
| 650 | 7 |
_aTutsi (African people) _xCrimes against _zRwanda _xHistory _y20th century. _2BUEsh |
|
| 650 | 7 |
_aHutu (African people) _zRwanda _xPolitics and government _y20th century. _2BUEsh |
|
| 651 | 7 |
_aRwanda _xHistory _yCivil War, 1994 _vPersonal narratives. _2BUEsh |
|
| 651 | 7 |
_aRwanda _xEthnic relations _xHistory _y20th century. _2BUEsh |
|
| 653 |
_bBUSBOL _cMarch2017 |
||
| 700 | 1 |
_aRobinson, Mary, _eauthor of introduction, etc. |
|
| 942 |
_2ddc _hRDA-MOD |
||
| 999 |
_c24491 _d24463 |
||
| 336 |
_2rdacontent _atext _btxt |
||
| 337 |
_aunmediated _2rdamedia _bn |
||
| 338 |
_avolume _bnc _2rdacarrier |
||